00245nam a2200109Ia 4500100001900000654001400019245003500033260003300068082001400101300000800115546001200123 aCourtney T.H.  abehaviour aMechanical behaviour materials bMc Graw HillaNew Yorkc1990 a620.11292 a247 aENGLISH